Cracking catalyst activity in the presence of hydrogen sulfide ; an exploratory study, using the steam-propane reaction, of the activities of metallic cracking catalysts /

Bibliographic Details
Main Author: Riesz, Charles Homer, 1914-
Other Authors: Sebastian, John Julius S., Dirksen, Henry Aloysius
Format: Book
Language:English
Published: Chicago : Institute of Gas Technology, 1953.
Series:Chicago. Institute of Gas Technology. Research bulletin, 4
Subjects:

MARC

Tag First Indicator Second Indicator Subfields
LEADER 00000cam a2200000 4500
001 in00000099517
005 20150926125622.0
008 760903s1953 ilu 00010 eng
010 |a  53008085  
035 |a (OCoLC)02413836 
035 |9 AAL3938AM 
040 |a DLC  |c GAT  |d TXA  |d UtOrBLW 
049 |a TXAM  |c [426328] 
050 0 0 |a TP345  |b .R5 
082 0 |a 665.53* 
100 1 |a Riesz, Charles Homer,  |d 1914- 
245 1 0 |a Cracking catalyst activity in the presence of hydrogen sulfide ;  |b an exploratory study, using the steam-propane reaction, of the activities of metallic cracking catalysts /  |c Prepared from the experimental data of C. H. Riesz and J. J. S. Sebastian, by H. A. Dirksen, H. R. Linden [and] E. S. Pettyjohn. Sponsored by the Gas Production Research Committee of the American Gas Association. 
264 1 |a Chicago :  |b Institute of Gas Technology,  |c 1953. 
300 |a 27 pages :  |b diagrams ;  |c 28 cm. 
336 |a text  |b txt  |2 rdacontent 
337 |a unmediated  |b n  |2 rdamedia 
338 |a volume  |b nc  |2 rdacarrier 
490 1 |a Chicago. Institute of Gas Technology. Research bulletin,  |v 4 
650 0 |a Catalysis. 
650 0 |a Cracking process. 
650 0 |a Gas manufacture and works. 
700 1 |a Sebastian, John Julius S. 
700 1 |a Dirksen, Henry Aloysius. 
810 1 |a Research bulletin (Institute of Gas Technology) ;  |v 4. 
999 |a MARS 
999 f f |s c1bac22e-94f0-3a53-961c-929c4f049165  |i 0cf444eb-4178-399e-a8a1-b52c8ea7433b  |t 0 
952 f f |p ric  |a Texas A&M University  |b Rellis Campus  |c Joint Library Facility  |d Remote Storage  |t 0  |e TP345 .R5  |h Library of Congress classification  |i unmediated -- volume  |m A14805605828 
998 f f |a TP345 .R5  |t 0  |l Remote Storage